000 00290nam a22001337a 4500
008 170405b xxu||||| |||| 00| 0 eng d
020 _a0891892354
041 _aeng
080 _a616.15
100 _a9
101 _aSHM
245 _aHEMATOLOGIC DISORDERS
_cKJEKSBERG, C
942 _2udc
_cBK
999 _c9898
_d9898